000
00291nam a22001337a 4500
008
180226b xxu||||| |||| 00| 0 eng d
020
_a
9780697157973
041
_a
eng
080
_2
2nd
_a
311
100
_a
55
101
_a
STA
245
_a
Quantum mechanics
_c
Goswami,A
942
_2
udc
_c
BK
999
_c
43511
_d
43511